| 000 | 00921nam a2200241Ia 4500 | ||
|---|---|---|---|
| 999 |
_c3652 _d3652 |
||
| 003 | OSt | ||
| 005 | 20200506145356.0 | ||
| 008 | 191128s2010 ck gr 000 0 spa d | ||
| 020 | _a9789589934814 | ||
| 040 |
_aCO-JMCR _cCO-JMCR |
||
| 041 | 0 | _aspa | |
| 082 | 0 | 4 |
_a327.109861 / _bM678m _223 |
| 245 | 1 | 0 | _aMisión de política exterior de Colombia / |
| 250 | _aPrimera edición | ||
| 260 |
_aBogotá : _bBanco Interamericano de Desarrollo, _c2010 |
||
| 300 |
_a149 páginas ; _c23 cm. |
||
| 504 | _aBibliografía: páginas 143-149 | ||
| 505 | 0 | _aPresentación -- Resumen ejecutivo -- Introducción -- Entorno general -- Ámbito global -- Agenda global con importacia para Colombia -- América Latina y el Caribe : un contexto cambiante e incierto | |
| 650 | 1 | 4 |
_aPolítica exterior _zColombia _94022 |
| 650 | 1 | 4 |
_aInvestigaciones _xPolítica exterior _zColombia _94023 |
| 650 | 1 | 4 |
_aInformes _94024 |
| 942 |
_2ddc _cBK |
||